Eurobus nepodpísal zmluvu o prenájme stanice nesúhlasia so spätným zaplatením nájmu

Bibliographic Details
Main Author: Šoltísová, Eva (Author)
Format: Article
Language:Slovak
PhysicalDescription:Fotogr.
ISSN:1338-659X
Subjects:
Online Access:http://roznava.korzar.sme.sk/c/7361443/eurobus-nepodpisal-prenajom-autobusovej-stanice-v-roznave.html

MARC

LEADER 00000nab a2200000 a 4500
001 vtls010619598
003 SK-MaSNL
005 20260303085345.0
008 140912c20140902xo dr| 0 0slo
038 |a RVGKPD 
040 |a RVGKPD  |b slo  |c RVGKPD  |e AACR2 
041 |a slo 
044 |a xo  |c SK 
080 |a 656.211  |2 2001 
080 |a 352.9  |2 2001 
100 1 |a Šoltísová, Eva  |4 aut  |9 896041 
245 1 0 |a Eurobus nepodpísal zmluvu o prenájme stanice  |b nesúhlasia so spätným zaplatením nájmu  |c Eva Šoltísová 
246 3 |a Eurobus nepodpísal prenájom autobusovej stanice v Rožňave [elektronický zdroj] 
300 |b Fotogr. 
610 1 7 |a Rožňava (Slovensko).  |b Mestský úrad  |2 rvgkpd  |9 161105 
610 2 7 |a Eurobus (Košice, Slovensko)  |2 rvgkpd  |9 1046162 
650 0 7 |a autobusové stanice  |2 rvgkpd  |9 376994 
650 0 7 |a prenájom  |2 rvgkpd  |9 2668 
651 7 |a Rožňava (Slovensko)  |2 rvgkpd  |9 17394 
773 0 |t Korzár : denník Košického kraja  |g Roč. XVII, č. 201 (2.9.2014), s. 5  |x 1338-659X 
852 |a RVGKPD  |b KIS3G 
856 4 1 |u http://roznava.korzar.sme.sk/c/7361443/eurobus-nepodpisal-prenajom-autobusovej-stanice-v-roznave.html 
992 |a RBX 
999 |c 1798913  |d 1800843